Bringing your Pharmaceutical Quality Management Systems to Life

Saved in:
Bibliografiske detaljer
Andre forfattere: Vimeo
Format: Bog
Sprog:engelsk
Fag:
Online adgang:Bringing your Pharmaceutical Quality Management Systems to Life
Tags: Tilføj Tag
Ingen Tags, Vær først til at tagge denne postø!

MARC

LEADER 00000nam a22000004a 4500
001 vpro14469
005 20201223000000.0
008 190210s2019 ck # g## #001 0#eng#d
020
022
040 |a CO-BoINGC 
041 0 |a eng 
245 1 0 |a Bringing your Pharmaceutical Quality Management Systems to Life 
246 |a Dando vida a sus sistemas de gestin̤ de calidad farmacǔtica 
264 |a Bogot ̀(Colombia) :  |b Revista VirtualPRO,  |c 2019 
520 3
650 \ \ |a Sistemas de gestin̤ de la calidad 
650 \ \ |a Systems of quality management 
650 \ \ |a Calidad 
650 \ \ |a Sistemas de gestin̤ de calidad 
650 \ \ |a Quality 
650 \ \ |a Quality management systems  
700 \ \ |a Vimeo 
856 |z Bringing your Pharmaceutical Quality Management Systems to Life  |u https://virtualpro.unach.elogim.com/biblioteca/dando-vida-a-sus-sistemas-de-gestion-de-calidad-farmaceutica